000 00769nam a22001817a 4500
003 BD-DhUL
005 20160905152443.0
008 160905s1977 ii | ||| |||| 001 0 ben d
040 _aBD-DhUL
_cBD-DhUL
082 _a954
_bRAB
100 1 _aশর্মা, রাম শরণ
245 1 0 _aভারতের সামন্ততন্ত্র (৪র্থ হইতে দ্বাদশ শতাব্দী) /
_cরাম শরণ শর্মা
260 _aকলিকাতা :
_bকে. পি. বাগচী এ্যান্ড কোম্পানী,
_c১৯৭৭.
300 _a১৭৩ পৃ. ;
_c২২ সেমি.
650 0 _aভারত বর্ষ
_xইতিহাস
650 0 _aBharatabarsa
_x History
942 _2ddc
_cBK
999 _c104219
_d104219